000 00745cam a2200229 a 4500
001 2490110
005 20180123040611.0
008 910109s1991 nyu b 001 0 eng
010 _a 91070061
020 _a0465007392
040 _aDLC
_cDLC
_dDLC
041 _aeng
080 _a155.2 HAR
082 0 0 _a155.2 HAR
_220
100 1 _a48
101 _aPSI
245 1 0 _aBoundaries in the mind :
_cErnest Hartmann.
504 _aIncludes bibliographical references (p. 255-264) and index.
906 _a7
_bcbc
_corignew
_d2
_eopcn
_f19
_gy-gencatlg
942 _2ddc
_cBK
999 _c40725
_d40725